LEADER 01694nam a2200337 i 4500 001 000000037012 003 CaOOAMICUS 005 20251006110945.0 008 150904s1991 be u000 u lat u 013 $a7236 020 $a2-503-03982-0 040 $aSeMil$bita 100 0 $aIoannes : Saresberiensis,$d<1118/1120-1180>.$0(OLS)http://semarc/name/112362 240 10$aMetalogicus, sive Apologia quasi pro arte dialectica.$0(OLS)http://semarc/title/431590 245 10$aIoannis Saresberiensis Metalogicon /$cedidit J. B. Hall ; auxiliata K.S.B. Keats-Rohan. 264 1$aTurnhout :$bBrepols,$c1991. 300 $aXVI, 208 p. ;$c26 cm. 650 4$aLogica - Medioevo.$0(OLS)http://semarc/subject/1107 700 1 $aHall, John Barrie.$0(OLS)http://semarc/name/17578 700 1 $aKeats-Rohan, K.S.B.$0(OLS)http://semarc/name/17579 776 0 $aUniversité Catholique : Centre de traitement èlectronique des documents$tIoannes Saresberiensis Metalogicon.$dTurnhout : Brepols, 1991.$kCorpus Christianorum. Instrumenta lexicologica latina. Ser. A, Formae$z2-503-63982-8$w()37633 830 0$aCorpus Christianorum. Continuatio Mediaevalis ;$v98.$0(OLS)http://semarc/title/35 850 $aSeMil 852 $aSeMil$W1$xVenegono$y1$mSL2.F CC.CM 98$j262808$B3167$CSeMilBibl$Z2$F3167 $8I 900 1 $aGiovanni : di Salisbury. 961 $aSottoscrizione: Brepols 996 $6020$a2-503-03982-0$9(OLS)http://semarc/number/5875 996 $6245$aIoannis Saresberiensis Metalogicon$9(OLS)http://semarc/title/51583 996 $6264$aTurnhout :$bBrepols$9(OLS)http://semarc/publisher/29626 LEADER 01150nam a2200217 i 4500 001 000000100001 003 CaOOAMICUS 005 20180417000000.0 008 180417s1820 it u000 u ita u 013 $a72153 026 $ae!al e.he o.di trsi (3) 1820 (A) 040 $aSeMil$bita 245 10$aTomo 1. 300 $aXIII, [1], 546 p., [2], XXII [i.e. 23] carte di tav., di cui 18 ripieg. :$bill., ritr. 500 $aRipetuta nella numerazione la tavola VIII. - Ritratto litografato di Giovanni Pozzi e Pietro Moscati. 773 0 $aPozzi, Giovanni <1769-1839>$tDizionario di fisica e chimica applicata alle arti secondo le dottrine di Libes, Chaptal, Berthollet e Parkes e giusta le teorie moderne ed i metodi i più semplici introdottisi nei diversi processi chimici di Giovanni Pozzi ... Con tavole in rame.$dMilano : Presso gli editori Batelli e Fanfani tipografi, calcografi e negozianti di stampe, 1820-1830.$g1$w()5952 850 $aSeMil 852 $aSeMil$W1$xVenegono$y1$m3W III 33 FA$j57286$B57286$CSeMilBibl$Z2$F67512 $8I 941 1 $a10 961 $aRecupero: Mantegazza 996 $6245$aTomo 1$9(OLS)http://semarc/title/46685